00427nam a22001452 4500001001100000005001700011008004100028040001500069050002100084100003500105245004900140260003000189300001100219600005100230000000120520151217155808.0070227s xx 000 0 eng d aKABUcKABU 0aDT443.3b.C43S731 aStahl, Kathleen M.@000014979810aHistory of the Chagga people of Kilimanjaro. aLondon :bMoulton,c1964. a394 p.10aChagga (African people)zTanzania.@0000149799